自己的肩痛自己救 : (Record no. 7668)
[ view plain ]
| 000 -LEADER | |
|---|---|
| fixed length control field | 00949cam a2200313 4500 |
| 001 - CONTROL NUMBER | |
| control field | 2524841 |
| 003 - CONTROL NUMBER IDENTIFIER | |
| control field | YEEZEN |
| 005 - DATE AND TIME OF LATEST TRANSACTION | |
| control field | 20250729145027.0 |
| 008 - FIXED-LENGTH DATA ELEMENTS--GENERAL INFORMATION | |
| fixed length control field | 250321s2025 ch ad e b 000 0 chi d |
| 020 ## - INTERNATIONAL STANDARD BOOK NUMBER | |
| International Standard Book Number | 9786264191630 |
| Qualifying information | (平裝) : |
| Terms of availability | 新臺幣450元 |
| 040 ## - CATALOGING SOURCE | |
| Original cataloging agency | SAN |
| Language of cataloging | chi |
| Transcribing agency | 桃市圖 |
| Description conventions | CCR |
| 041 0# - LANGUAGE CODE | |
| Language code of text/sound track or separate title | chi |
| 042 ## - AUTHENTICATION CODE | |
| Authentication code | nbic |
| 084 ## - OTHER CLASSIFICATION NUMBER | |
| Classification number | 416.613 |
| Number source | ncsclt |
| 090 ## - LOCALLY ASSIGNED LC-TYPE CALL NUMBER (OCLC); LOCAL CALL NUMBER (RLIN) | |
| Classification number (OCLC) (R) ; Classification number, CALL (RLIN) (NR) | 416.613 |
| 100 1# - MAIN ENTRY--PERSONAL NAME | |
| Personal name | 許嘉麟 |
| Relator term | 著 |
| 245 10 - TITLE STATEMENT | |
| Title | 自己的肩痛自己救 : |
| Remainder of title | 圖解五十肩保健與治療 : 你的肩膀保固期只有40年! / |
| Statement of responsibility, etc. | 許嘉麟著 |
| 246 10 - VARYING FORM OF TITLE | |
| Title proper/short title | 圖解五十肩保健與治療 |
| 246 10 - VARYING FORM OF TITLE | |
| Title proper/short title | 你的肩膀保固期只有40年! |
| 250 ## - EDITION STATEMENT | |
| Edition statement | [二版] |
| 260 ## - PUBLICATION, DISTRIBUTION, ETC. | |
| Place of publication, distribution, etc. | 臺北市 : |
| Name of publisher, distributor, etc. | 時報文化, |
| Date of publication, distribution, etc. | 2025.01 |
| 300 ## - PHYSICAL DESCRIPTION | |
| Extent | 271面 : |
| Other physical details | 部份彩圖, 表格 ; |
| Dimensions | 21公分 |
| 490 0# - SERIES STATEMENT | |
| Series statement | Care ; |
| Volume/sequential designation | 93. |
| 500 ## - GENERAL NOTE | |
| General note | 新版 |
| 504 ## - BIBLIOGRAPHY, ETC. NOTE | |
| Bibliography, etc. note | 參考書目: 面269-271. |
| 650 #7 - SUBJECT ADDED ENTRY--TOPICAL TERM | |
| Topical term or geographic name entry element | 冷凍肩 |
| Source of heading or term | lcstt. |
| 650 #7 - SUBJECT ADDED ENTRY--TOPICAL TERM | |
| Topical term or geographic name entry element | 健康法 |
| Source of heading or term | lcstt. |
| 942 ## - ADDED ENTRY ELEMENTS (KOHA) | |
| Source of classification or shelving scheme | 中文圖書分類法 |
| Koha item type | 一般圖書 |
| 撤銷狀態 | 遺失狀態 | 分類號來源 | 損壞狀態 | 不外借 | 永久館藏地 | 現在館藏地 | 書架位置 | 採購日期 | 全部借出 | 完整索書號 | 條碼號 | 最後一次日期記錄 | Date last checked out | 一般價格有效日期 | Koha館藏類型 | 公開資訊 |
|---|---|---|---|---|---|---|---|---|---|---|---|---|---|---|---|---|
| 未註銷館藏 | 未遺失 | 中文圖書分類法 | 未損毀 | 可外借 | 怡仁綜合醫院圖書館 | 怡仁綜合醫院圖書館 | 2025-07-29 | 3 | 416.613 | C03254 | 2025-10-07 | 2025-09-24 | 2025-07-29 | 一般圖書 | 五十肩不僅會導致生活不便、影響睡眠、肌肉萎縮,甚至可能加速腦部退化!若延誤治療,將進一步引發肩部永久活動受限,影響日常生活自理能力,甚至因疼痛與不便導致心理壓力增大,破壞整體生活品質。 |